[Event "Capablanca Memorial op 53rd"]
[Site "Havana"]
[Date "2018.05.13"]
[Round "5"]
[White "Elias Reyes, Jorge Roberto"]
[Black "Interian Rodriguez, Alberto de Dios"]
[Result "0-1"]
[WhiteElo "2300"]
[BlackElo "2056"]
[PlyCount "104"]
[EventDate "2018.05.09"]
[EventType "swiss"]
[EventRounds "10"]
[EventCountry "CUB"]
[SourceTitle "EXT 2021"]
[Source "ChessBase"]
[SourceDate "2020.10.23"]
[SourceVersion "1"]
[SourceVersionDate "2020.10.23"]
[SourceQuality "1"]

1. e4 c5 2. Nf3 d6 3. d4 cxd4 4. Nxd4 Nf6 5. Nc3 g6 6. Be3 Bg7 7. f3 0-0 8. Qd2 Nc6 9. 0-0-0 d5 10. Kb1 e5 11. Nxc6 bxc6 12. exd5 cxd5 13. Nxd5 Bb7 14. Bc4 Nxd5 15. Bxd5 Bxd5 16. Qxd5 Qc7 17. Qd6 Qb7 18. Rd3 a5 19. Rb3 Qc8 20. Rd1 a4 21. Rc3 Qf5 22. Bc1 Qh5 23. h3 Qh4 24. Qc5 Qg3 25. Rd2 e4 26. Ra3 Bxb2 27. Kxb2 Rab8+ 28. Rb3 axb3 29. axb3 exf3 30. Qe3 Ra8 31. Kb1 Qc7 32. gxf3 Rfe8 33. Qf2 Qa5 34. Bb2 Qa2+ 35. Kc1 Rac8 36. Rd3 Qa5 37. Rd1 Qf5 38. Kb1 Re3 39. Qd2 Qxf3 40. Qd8+ Re8 41. Qd4 f6 42. Rg1 Qf5 43. Rc1 Re1 44. Bc3 Rxc1+ 45. Kxc1 Qxh3 46. Qd5+ Kg7 47. Qb7+ Kh6 48. Bd2+ g5 49. c4 Kg6 50. Qe4+ Qf5 51. Qd4 h5 52. b4 Qf1+ 0-1

[Event "Havana Province-ch U14"]
[Site "Havana"]
[Date "2010.04.04"]
[Round "11"]
[White "Interian Rodriguez, Alberto de Dios"]
[Black "Berdayes Ason, Dylan Isidro"]
[Result "0-1"]
[WhiteElo "2058"]
[BlackElo "2056"]
[PlyCount "122"]
[EventDate "2010.03.21"]
[EventType "tourn"]
[EventRounds "13"]
[EventCountry "CUB"]
[EventCategory "1"]
[SourceTitle "EXT 2012"]
[Source "ChessBase"]
[SourceDate "2011.11.24"]
[SourceVersion "1"]
[SourceVersionDate "2011.11.24"]
[SourceQuality "1"]

1. e4 c5 2. Nf3 d6 3. d4 cxd4 4. Nxd4 Nf6 5. Nc3 g6 6. Be3 Bg7 7. f3 0-0 8. Bc4 Nc6 9. Qd2 Bd7 10. 0-0-0 Rc8 11. Bb3 Ne5 12. h4 h5 13. Bg5 Rc5 14. g4 Nc6 15. Nxc6 bxc6 16. Rhe1 Qa5 17. Kb1 Re8 18. Be3 Rxc3 19. Qxc3 Qxc3 20. bxc3 hxg4 21. fxg4 Nxe4 22. Bd4 Bxg4 23. Rd3 d5 24. Bxg7 Kxg7 25. c4 e6 26. cxd5 exd5 27. Kb2 Bf5 28. Rd4 Be6 29. Red1 c5 30. Ra4 c4 31. Rxa7 cxb3 32. cxb3 Rh8 33. a4 Rxh4 34. Rd4 Rh2+ 35. Ka3 g5 36. Rc7 g4 37. a5 Nd6 38. Kb4 Ra2 39. Rc6 Ne4 40. a6 g3 41. Rd1 g2 42. Rg1 Bh3 43. Rb6 Ng5 44. Kc5 Nf3 45. Rxg2+ Bxg2 46. Kxd5 Ng5+ 47. Ke5 Ne6 48. Kd6 Nd4 49. Ke5 Nc6+ 50. Kd6 Kg6 51. b4 Nxb4 52. Rxb4 Rxa6+ 53. Ke5 f5 54. Kf4 Be4 55. Rd4 Ra3 56. Rd6+ Kh5 57. Ke5 Kg5 58. Rb6 Kg4 59. Kd4 Rd3+ 60. Ke5 Rd5+ 61. Kf6 f4 0-1

[Event "Havana Province-ch U14"]
[Site "Havana"]
[Date "2010.03.23"]
[Round "2"]
[White "Cruz Portuondo, Manuel de Jesus"]
[Black "Interian Rodriguez, Alberto de Dios"]
[Result "1-0"]
[WhiteElo "2056"]
[BlackElo "2058"]
[PlyCount "55"]
[EventDate "2010.03.21"]
[EventType "tourn"]
[EventRounds "13"]
[EventCountry "CUB"]
[EventCategory "1"]
[SourceTitle "EXT 2012"]
[Source "ChessBase"]
[SourceDate "2011.11.24"]
[SourceVersion "1"]
[SourceVersionDate "2011.11.24"]
[SourceQuality "1"]

1. e4 c5 2. Nf3 d6 3. d4 cxd4 4. Nxd4 Nf6 5. Nc3 g6 6. Be2 Bg7 7. 0-0 0-0 8. Kh1 Nc6 9. Be3 Nxd4 10. Bxd4 Be6 11. f4 Qa5 12. f5 gxf5 13. exf5 Bxf5 14. b4 Qxb4 15. Rb1 Qa5 16. Rb5 Qc7 17. Rbxf5 e5 18. Nb5 Qc6 19. Bg1 a6 20. Nxd6 Rad8 21. Rxf6 Bxf6 22. Rxf6 Kg7 23. Qd3 Kxf6 24. Qf5+ Ke7 25. Qxe5+ Kd7 26. Bg4+ f5 27. Nxf5 Qe6 28. Nh6 1-0